| 000 | 00856cam a2200253 i 4500 | ||
|---|---|---|---|
| 001 | 18284674 | ||
| 005 | 20180112070057.0 | ||
| 008 | 140829s2015 nyu 000 0 eng | ||
| 010 | _a 2014029567 | ||
| 020 | _a9780071831116 (hardback : alk. paper) | ||
| 020 | _a0071831118 | ||
| 040 |
_aDLC _beng _cDLC _erda _dDLC |
||
| 041 | _aeng | ||
| 042 | _apcc | ||
| 080 | _a658.4092 JOH | ||
| 082 | 0 | 0 |
_a658.4092 JOH _223 |
| 084 |
_aBUS071000 _2bisacsh |
||
| 100 | 1 | _a54 | |
| 101 | _aECO | ||
| 245 | 1 | 4 |
_aThe leadership crisis and the free market cure : _cJohn A. Allison. |
| 906 |
_a7 _bcbc _corignew _d1 _eecip _f20 _gy-gencatlg |
||
| 942 |
_2ddc _cBK |
||
| 999 |
_c40207 _d40207 |
||